[Event "Torredembarra op 21st"]
[Site "Torredembarra"]
[Date "2019.07.06"]
[Round "1"]
[White "Mateos Rozas, Miguel Angel"]
[Black "Marcer Hernandez, Jordi"]
[Result "1-0"]
[WhiteElo "2194"]
[BlackElo "1725"]
[PlyCount "79"]
[EventDate "2019.07.06"]
[EventType "swiss"]
[EventRounds "9"]
[EventCountry "ESP"]
[SourceTitle "CBM 191 Extra"]
[Source "ChessBase"]
[SourceDate "2019.09.30"]
[SourceVersion "1"]
[SourceVersionDate "2019.09.30"]
[SourceQuality "1"]

1. e4 d6 2. d4 e6 3. g3 g6 4. Bg2 Bg7 5. Ne2 Ne7 6. 0-0 0-0 7. c4 Nbc6 8. Nbc3 f6 9. Be3 h6 10. Rb1 e5 11. d5 Na5 12. Qd3 b6 13. b4 Nb7 14. Nc1 f5 15. N1e2 g5 16. exf5 Bxf5 17. Ne4 Qd7 18. N2c3 Bh3 19. c5 Bxg2 20. Kxg2 Qg4 21. f3 Qf5 22. Nb5 Rfc8 23. Qb3 Qf7 24. cxd6 Nxd5 25. Bg1 c6 26. Na3 Rd8 27. b5 c5 28. Rbd1 Nf6 29. Nc4 Nxe4 30. fxe4 Qe6 31. Rd5 Kh8 32. Rfd1 Rd7 33. Ne3 Rxd6 34. Rxd6 Qxb3 35. axb3 Nxd6 36. Rxd6 a5 37. Rxb6 a4 38. Ra6 Rxa6 39. bxa6 axb3 40. Nc4 1-0